MARC

LEADER 00000nam0a2200000 4500
001 261019
005 20231101233528.0
010 |a 512000363X 
035 |a (RuTPU)RU\TPU\book\283991 
090 |a 261019 
100 |a 20140520d1988 k y0rusy50 ca 
101 0 |a rus 
102 |a UA 
105 |a y z 001zy 
200 1 |a Пути переработки углей Украины  |e сборник научных трудов  |f Академия наук Украинской ССР (АН УССР), Институт физико-органической химии и углехимии ; под ред. С. Н. Баранова 
210 |a Киев  |c Наукова думка  |d 1988 
215 |a 148 с. 
320 |a Библиогр. в конце ст. 
606 1 |a Уголь  |x Переработка комплексная  |2 stltpush  |3 (RuTPU)RU\TPU\subj\33204  |9 55508 
610 1 |a Украина 
610 1 |a коксохимия 
610 1 |a деструкция 
610 1 |a газификация 
610 1 |a гидрообеспыливание 
610 1 |a хранение 
675 |a 662.74  |v 3 
702 1 |a Баранов  |b С. Н.  |4 340 
712 0 2 |a Академия наук Украинской ССР (АН УССР)  |b Институт физико-органической химии и углехимии  |c (Донецк)  |2 stltpush  |3 (RuTPU)RU\TPU\col\12481 
801 1 |a RU  |b 63413507  |c 20140520 
801 2 |a RU  |b 63413507  |c 20150113  |g RCR 
942 |c BK